[Event "London Classic op 11th"]
[Site "London"]
[Date "2019.12.06"]
[Round "9"]
[White "Varsha, Ramesh"]
[Black "Goh, Zi Han"]
[Result "1/2-1/2"]
[WhiteElo "1669"]
[BlackElo "2134"]
[PlyCount "40"]
[EventDate "2019.11.29"]
[EventType "swiss"]
[EventRounds "9"]
[EventCountry "ENG"]
[SourceTitle "CBM 193 Extra"]
[Source "ChessBase"]
[SourceDate "2020.01.31"]
[SourceVersion "1"]
[SourceVersionDate "2020.01.31"]
[SourceQuality "1"]

1. e4 c5 2. Nf3 d6 3. d4 cxd4 4. Nxd4 Nf6 5. Nc3 a6 6. Bg5 e6 7. f4 Qc7 8. Qf3 b5 9. a3 Nbd7 10. 0-0-0 Be7 11. g4 Rb8 12. Bxf6 Nxf6 13. g5 Nd7 14. Rg1 b4 15. axb4 Rxb4 16. Be2 Qb6 17. Nb3 a5 18. Na2 Ra4 19. Nc3 Rb4 20. Na2 Ra4 1/2-1/2

[Event "London Classic op 11th"]
[Site "London"]
[Date "2019.12.01"]
[Round "4"]
[White "Varsha, Ramesh"]
[Black "De Coverly, Roger D"]
[Result "1-0"]
[WhiteElo "1669"]
[BlackElo "1974"]
[PlyCount "107"]
[EventDate "2019.11.29"]
[EventType "swiss"]
[EventRounds "9"]
[EventCountry "ENG"]
[SourceTitle "CBM 193 Extra"]
[Source "ChessBase"]
[SourceDate "2020.01.31"]
[SourceVersion "1"]
[SourceVersionDate "2020.01.31"]
[SourceQuality "1"]

1. e4 e5 2. Nf3 Nc6 3. Bc4 Be7 4. d4 d6 5. dxe5 dxe5 6. Qxd8+ Bxd8 7. Nc3 Nf6 8. Be3 a6 9. a4 Bg4 10. 0-0-0 Be7 11. h3 Bh5 12. g4 Bg6 13. Nd2 0-0-0 14. f3 Nd4 15. Bxd4 Rxd4 16. h4 h5 17. g5 Nd7 18. Nd5 Bc5 19. c3 Rxd2 20. Kxd2 c6 21. Ne3 b5 22. axb5 axb5 23. Bb3 Rd8 24. Ke2 Kc7 25. Rd2 Nb6 26. Rxd8 Kxd8 27. Rd1+ Kc7 28. Ra1 Kb7 29. Nf5 Bf8 30. Rd1 Kc7 31. Rf1 Nd7 32. Ba2 Nc5 33. b4 Na4 34. Kd2 Nb6 35. Bb3 Nd7 36. Ke3 c5 37. bxc5 Bxc5+ 38. Ke2 Bf8 39. Ra1 Nc5 40. Bd5 Na4 41. Kd2 Kb6 42. c4 Kc5 43. Rc1 Bxf5 44. cxb5+ Kxb5 45. exf5 Bb4+ 46. Ke3 Bc5+ 47. Rxc5+ Kxc5 48. Bxf7 Kd6 49. Bxh5 Nc5 50. Bf7 Ke7 51. Bc4 Kf8 52. h5 Nd7 53. Ke4 Ke7 54. Be6 1-0

[Event "Hofheim Spring op-B 6th"]
[Site "Hofheim"]
[Date "2018.04.05"]
[Round "5"]
[White "Stuhlmann, Florian"]
[Black "Varsha, Ramesh"]
[Result "1/2-1/2"]
[WhiteElo "1817"]
[BlackElo "1334"]
[PlyCount "100"]
[EventDate "2018.04.03"]
[EventType "swiss"]
[EventRounds "9"]
[EventCountry "GER"]
[SourceTitle "EXT 2020"]
[Source "ChessBase"]
[SourceDate "2019.10.17"]
[SourceVersion "1"]
[SourceVersionDate "2019.10.17"]
[SourceQuality "1"]

1. d4 Nf6 2. c4 e6 3. Nc3 Bb4 4. Qc2 d5 5. cxd5 exd5 6. Nf3 0-0 7. Bf4 Nc6 8. e3 Bg4 9. Bd3 h6 10. h3 Be6 11. 0-0 a6 12. a3 Bd6 13. Ne2 Nh5 14. Bxd6 Qxd6 15. Rac1 Rfe8 16. b4 Nf6 17. b5 axb5 18. Bxb5 Bd7 19. a4 Rec8 20. Qb3 Na5 21. Qc2 Bxb5 22. axb5 Qd7 23. Rb1 Nc4 24. Rb3 Ra5 25. Nc3 Na3 26. Qd3 Rca8 27. Ne5 Qe6 28. Rc1 Nc4 29. Nxd5 Nxe5 30. Nxf6+ Qxf6 31. dxe5 Qxe5 32. Qd7 Ra1 33. Rbb1 Rxb1 34. Rxb1 Ra1 35. Rxa1 Qxa1+ 36. Kh2 Qe5+ 37. g3 b6 38. Qd8+ Kh7 39. Qd3+ Kg8 40. Kg2 Qc5 41. Qd8+ Kh7 42. Qe8 Qc4 43. Kf3 Qb3 44. Qd7 Qc4 45. e4 Qc3+ 46. Ke2 Qc2+ 47. Ke3 Qc1+ 48. Kf3 Qc3+ 49. Kf4 Qc1+ 50. Kf3 Qc3+ 1/2-1/2

[Event "IND-ch U11 Girls 30th"]
[Site "India"]
[Date "2016.07.03"]
[Round "8"]
[White "Sairupa, P."]
[Black "Varsha, Ramesh"]
[Result "0-1"]
[WhiteElo "1148"]
[BlackElo "1040"]
[PlyCount "102"]
[EventDate "2016.06.28"]
[EventType "swiss"]
[EventRounds "11"]
[EventCountry "IND"]
[SourceTitle "CBM 173 Extra"]
[Source "ChessBase"]
[SourceDate "2016.08.29"]
[SourceVersion "1"]
[SourceVersionDate "2016.08.29"]
[SourceQuality "1"]

1. e4 c5 2. Nf3 Nc6 3. d4 cxd4 4. Nxd4 Nf6 5. Nc3 d6 6. Bc4 e6 7. Be3 Be7 8. 0-0 0-0 9. f4 Qb6 10. Bb3 e5 11. Nf5 Qd8 12. fxe5 dxe5 13. Qf3 Bxf5 14. Qxf5 Qa5 15. Nd5 Rad8 16. Nxe7+ Nxe7 17. Qf3 Ng6 18. Bg5 Rd6 19. Rad1 Rfd8 20. Rde1 R8d7 21. Qf5 Ne7 22. Qf3 a6 23. Qg3 Qb6+ 24. Kh1 Ng6 25. h4 h6 26. Bxf6 Rxf6 27. Qg4 Rdd6 28. Rxf6 Rxf6 29. Qc8+ Kh7 30. Qc3 Qf2 31. Qe3 Qxh4+ 32. Kg1 Nf4 33. Rd1 Nxg2 34. Qe2 Rg6 35. Bxf7 Rg5 36. Kf1 Qf4+ 37. Qf2 Ne3+ 38. Ke1 Qxf2+ 39. Kxf2 Nxd1+ 40. Ke2 Nxb2 41. Bb3 b5 42. Kd2 Nc4+ 43. Ke2 h5 44. c3 h4 45. Kf2 h3 46. Ke2 h2 47. Ba4 bxa4 48. a3 h1Q 49. Kf2 Qg2+ 50. Ke1 Qd2+ 51. Kf1 Ne3# 0-1